| 000 | 00719cam a2200157ua 4500 | ||
|---|---|---|---|
| 041 |
_aeng _h |
||
| 082 |
_a626.823 _bMID/CR |
||
| 110 | 1 |
_aIndian standards Institution . _b _c() |
|
| 245 |
_aCriteria For Hydrualic design Of Sedement Ejeefor For irrigation and Power channels / _cIndian standards Institution. _hTextual Documents |
||
| 250 |
_a1 / _b. |
||
| 260 |
_aNew Delhi : _bIndian Standards Institution , _c1980. |
||
| 300 | _a11 ; . | ||
| 504 | _a | ||
| 942 | _cBK | ||
| 999 |
_c3065 _d3065 |
||